空中写真クイズ 〜東京の駅〜 - Statistics

General Stats
  • This quiz has been taken 695 times
  • The average score is 12 of 25
Answer Stats
Picture Answer % Correct
東京駅
98%
新宿駅
96%
品川駅
81%
秋葉原駅
80%
上野駅
50%
立川(北・南)駅
49%
吉祥寺駅
48%
二子玉川駅
48%
渋谷駅
46%
市ケ谷駅
46%
日暮里駅
45%
豊洲駅
44%
(京王・小田急)多摩センター駅
42%
池袋駅
40%
八王子駅
40%
葛西臨海公園駅
39%
錦糸町駅
38%
{早稲田}停留場
38%
武蔵五日市駅
37%
中野駅
37%
町田駅
36%
{隅田川}貨物駅
35%
赤羽駅
30%
北千住駅
22%
練馬駅
15%
No matching quizzes found
Score Distribution
Percent of People with Each Score
Percentile by Number Answered
Your Score History
You have not taken this quiz